Statistics for Multi-Word Capital Cities by Any Word in One Minute

Click here to take the quiz!

General Stats

  • This quiz has been taken 268 times
  • The average score is 16 of 31

Answer Stats

Capital% Correct
Mexico City
76%
Guatemala City
75%
San Marino
72%
San Salvador
72%
Vatican City
72%
San Jose
71%
Kuwait City
70%
Port-of-Spain
67%
Port-au-Prince
64%
Port Louis
63%
Port Moresby
63%
Porto-Novo
63%
Port Vila
63%
St George's
62%
St John's
61%
Panama City
59%
Andorra la Vella
53%
New Delhi
49%
Cape Town
47%
La Paz
43%
Washington, DC
43%
Addis Ababa
41%
Buenos Aires
38%
Kuala Lumpur
38%
São Tomé
38%
Abu Dhabi
36%
Sri Jayewardenepura Kotte
36%
Santo Domingo
30%
Bandar Seri Begawan
28%
Phnom Penh
20%
South Tarawa
15%

Score Distribution

Percentile by Number Answered

Percent of People with Each Score

Your Score History

You have not taken this quiz